00393cam a2200157ua 45000010005000000080039000050400009000440410008000530820008000611000028000692450067000972500009001642600032001733000010002056530020002158594150206n ii |||gr||||Z||||||eng cMAIN aeng a425 aBruton, J. G.,eAuthor.1 aExercises on english prepositions and adverbscBy J. G. Bruton a1st. aNew Delhi:bKalyani,c1998. a134p. aEnglish grammar